000 00305 a2200133 4500
000 nam a22 7a 4500
100 _aMadhav, Ram
110 _aMadhav, Ram
245 _aVibhajit Savera
250 _aLatest edition
260 _bPrabhat Prakashan
264 _bPrabhat Prakashan
942 _cBK
999 _c395806
_d395806